| 000 | 00995cab a2200289 4500 | ||
|---|---|---|---|
| 001 | WB3119-29 | ||
| 008 | 090401t1995 xxu||||| |||| 00| 0 eng d | ||
| 035 | _a(Sirsi) u70600 | ||
| 041 | _aeng | ||
| 245 | _aTest case to decide common land future | ||
| 260 | _c1995 | ||
| 350 | _a0 | ||
| 490 |
_aFarmland Market _v12 May 1995, 1(1) |
||
| 520 | _aThe Countryside Commission and a group of farmers are opposing an owner`s application to remove a grouse moor from the common land register, after he persuaded farmers to surrender their common grazing rights in return for 99-year leases to put sheep on the moor. Test case on the future of common land. | ||
| 650 | _aCOMMON GRAZING RIGHTS | ||
| 650 | _aCOMMON LAND REGISTER | ||
| 650 | _aCOMMON LAND | ||
| 650 | _aCOMMONS | ||
| 650 | _aDALLOWGILL MOOR | ||
| 650 | _aDE-REGISTRATION | ||
| 650 | _aGRAZING LEASES | ||
| 650 | _aLAW OF COMMONS | ||
| 650 | _aSIMON BOSTOCK | ||
| 690 | _aLAND | ||
| 942 | _n0 | ||
| 948 | _c04/03/1997 | ||
| 999 |
_c44421 _d44421 |
||